03772cam a22005174a 4500001001000000003000900010005001700019006001900036007001500055008004100070010001700111020001800128020001500146020003800161020001500199035002100214040002300235050002200258082001600280245012500296264003300421264001900454300004600473490007400519500011900593504004100712505176700753506005002520588004702570650003502617650003402652650003002686650003802716650004702754655003002801700002302831700001902854700002402873710003102897830003802928856006002966945004803026945003303074999001703107952013003124muse12061MdBmJHUP20210127150950.0m o d cr||||||||nn|n090617s2010 dcu o 00 0 eng d z 2009024105 a9781589016743 a1589016742 z9781589016293 (pbk. : alk. paper) z1589016297 a(OCoLC)648711554 aMdBmJHUPcMdBmJHUP04aP302.7b.G48 20080 a401/.4122210aTelling StoriesbLanguage, Narrative, and Social Life /cDeborah Schiffrin, Anna De Fina, and Anastasia Nylund, editors. 1bGeorgetown University Press, 3bProject MUSE,  a1 online resource (vi, 219 p.) : bill. ;0 aGeorgetown University Round Table on languages and linguistics series aPapers based on those presented at the 2008 Georgetown University Round Table On Languages and Linguistics (GURT). aIncludes bibliographical references.0 aIntroduction / Deborah Schiffrin and Anna De Fina -- Where Should I begin? / William Labov -- The remediation of storytelling : Narrative performance on early commercial sound recordings / Richard Bauman -- Narrative, culture, and mind / Jerome Bruner -- Positioning as a metagrammar for discursive story lines / Rom Harre -- "Ay ay vienen estos juareños?" : on the positioning of selves through code switching by second-generation immigrant college students / Alan D. Hansen ...[et al.] -- A tripartite self-construction model of identity / Leor Cohen -- Narratives of reputation : layerings of social and spatial identities / Gabriella Modan and Amy Shuman -- Identity building through narratives on a Tulu call-in TV show / Malavika Shetty -- Blank check for biography? : openness and ingenuity in the management of the "who-am-I-question" and what life stories actually may not be good for / Michael Bamberg -- Reflection and self-disclosure from the small stories perspective : a study of identity claims in interview and conversational data / Alexandra Georgakopoulou -- Negotiating deviance : identity, trajectories, and norms in a graffitist's interview narrative / Jarmila Mildorf -- Interaction and narrative structure in dementia / Lars Christer Hyden and Linda Örulv -- Concurrent and intervening actions during storytelling in family "ceremonial" dinners / Jenny Mandelbaum -- Truth and authorship in textual trajectories / Isolda E. Carranza -- Legitimation and the heteroglossic nature of closing arguments / Laura Felton Rosulek -- Multimodal storytelling and identity construction in graphic narratives / David Herman -- The role of style-shifting in the functions and purposes of storytelling : detective stories in anime / Fumiko Nazikian.0 aOpen AccessfUnrestricted online access2star aDescription based on print version record. 0aPsycholinguisticsvCongresses. 0aSociolinguisticsvCongresses. 0aStorytellingvCongresses. 0aNarration (Rhetoric)vCongresses. 0aDiscourse analysis, NarrativevCongresses. 7aElectronic books. 2local1 aNylund, Anastasia.1 aDe Fina, Anna.1 aSchiffrin, Deborah.2 aProject Muse.edistributor 0aBook collections on Project MUSE.40zFull text available: uhttps://muse.jhu.edu/book/13062/ aProject MUSE - 2010 Global Cultural Studies aProject MUSE - 2010 Complete c24133d24133 00102lcc4070aDLbDLcOAd2021-01-27l0oP302.7 .G48 2008r2021-01-27uhttps://muse.jhu.edu/book/13062/w2021-01-27yEBOOK